00513nam a22001697a 450000500170000001000150001702000270003202000230005903500130008203700130009508200100010810000220011824501020014026000420024227000380028430000210032220140916150153.0 aENG-110859 a 9788170174974c350.00 a817017497xc350.00 aEN-94391 bDBAD/PUB a158.1 aSubramanian, V.K. aHeavenly living, here and now :cby V.K. Subramanianba complete guide to total life management / aNew DelhibAbhinav Publicationsc2014 aE-37 Hauz KhasbNew Delhie110016 a175p. c22cm(Hb)